000 00233nam a2200097Ia 4500
001 683310
005 20250826161435.0
008 250824s9999 xx 000 0 und d
245 0 _aBABI ESRAR
_cAHMET ÜMİT
260 _bEVEREST YAYINLARI
999 _c683310
_d683310